000
00215 a2200097 4500
001
2791
100
_a
Locke, L.G.
245
_a
Introduction to literature
260
_a
_b
Rinehart & company
_c
090
_c
2086
_d
2086
942
_a
NUST-CAE
_c
M
_c
12069
999
_c
237864
_d
237864